El diario del Che en Bolivia /
Saved in:
| Format: | Book |
|---|---|
| Published: |
La Habana :
Política,
2006.
|
| Edition: | 3a ed.,4a reimpr. |
| LEADER | 00375nam a22001217a 4500 | ||
|---|---|---|---|
| 003 | AR-BeUNQ | ||
| 005 | 20240319090930.0 | ||
| 999 | |c 30442 |d 114242 | ||
| 245 | |a El diario del Che en Bolivia / |c Ernesto Guevara. | ||
| 250 | |a 3a ed.,4a reimpr. | ||
| 260 | |a La Habana : |b Política, |c 2006. | ||
| 929 | |a DONACION |b Fabricio Tripicchio |d 500,00 |e 20180924 |f PAT0070420 |g 3400 |h 1 |o PR |l Estante G | ||
| 942 | |c LIB |n 0 | ||